000 00599nam a2200181 a 4500
005 20140310183456.0
008 091109s19uu xx 00 eng d
020 _a13 9781564149008
050 _aHF 5718.3
_b.B458 200
100 _aBenjamin, Susan F.
245 _aQuick and Painless Business Writing :
_ban essential guide to clear and powerful communication /
_cSusan F. Benjamin.
260 _aNew Jersey :
_bCareer Press,
_cc2007.
300 _a222 p. :
_bill. ;
_c23 cm.
521 _aBSBA
650 _aBusiness writing. Business correspondence.
942 _cBK
_2lcc
_kFOR
999 _c23624
_d23624